000 00709nam a2200265Ia 4500
003 OSt
005 20220918163250.0
006 a|||||r|||| 00| 0
007 ta
008 220917b |||||||| |||| 00| 0 eng d
020 _a0 485 11146 2
024 _a28,410
037 _cTextual
040 _aARTS
_cARTS
_beng
041 _2eng
_aeng
082 _aO111,3M11:g, L4
100 _aSutherland J A
_912370
245 0 _aThackeray at work
260 _aLondon
_bAthlone Press UK
_c1974
300 _axix,165p.
_ccm.
500 _aBib 144-62p; Appendix 138-43p
650 _aENGLISH LITERATURE
942 _hO111,3M11:g, L4
_cTEXL
_2CC
999 _c118798
_d118798